Responses for Show #2331 - Monday, October 24, 1994

Bill Pitassy game 1.

Contestants

[<< previous game]

Bill Pitassy, a labor attorney from Cranford, New Jersey

Ed Lerner, a technical manager from Fanwood, New Jersey

Tony Zepezauer, a computer science student from San Francisco, California (whose 1-day cash winnings total $14,000)

[next game >>]

Jeopardy! Round responses

1970
THE MOVIES
FOOD FACTS
ENERGY SOURCES
MUSEUMS
IN THE DICTIONARY
    $100 3
Baton Rouge

Tony
    $100 1
War and Peace

Tony
    $100 7
a patty

Tony
    $100 12
Energizer

Bill
    $100 14
dummies

Tony
    $100 16
a spelling bee

Tony
    $200 18
baseball

Ed
    $200 2
Oliver Stone

Ed
    $200 8
(potato) chips

Tony
    $200 13
gasoline

Tony
    $200 15
Indianapolis

Tony
    $200 17
alien

Ed
    $300 19
Daniel Moynihan

Bill
    $300 4
Jeff Goldblum

Tony
    $300 9
homogenization

Tony
    $1,500 27
plutonium

Tony
    $300 24
Casey Jones

Bill
    $300 21
a bouquet

Bill
    $400 20
Cambodia

Tony
    $400 5
(Bill: What is The Big Top?)

The Greatest Show on Earth

Bill
Triple Stumper
    $400 10
poaching (or coddling)

Tony
    $400 29
peat

Bill
    $400 25
Rome

Bill
    $400 22
goody

Bill
    $500 30
Thor Heyerdahl

Bill
    $500 6
Chariots of Fire

Tony
    $500 11
cacciatore

Bill
    $500 28
geothermal power

Bill
    $500 26
Jerusalem

Tony
    $500 23
a gazelle

Tony

Scores at the first commercial break (after clue 15):

Tony Ed Bill
$2,500 $200 $200

Scores at the end of the Jeopardy! Round:

Tony Ed Bill
$5,500 $600 $3,300

Double Jeopardy! Round responses

RUSSIAN HISTORY
FASHION
MILITARY MEN
LITERARY ALLUSIONS
NEWSPAPERS
J.S. BACH
    $200 1
Alaska

Tony
    $200 24
fishnet

Bill
    $200 16
Erwin Rommel

Bill
    $200 9
midnight

Tony
    $200 14
(Henry) Ford

Ed
    $200 2
the organ

Bill
    $400 7
Peter the Great

Bill
    $400 27
(Ed: What are the 1970s?)

the '60s

EdBill
    $400 17
(Moshe) Dayan

Ed
    $400 10
(Ed: What is Mr. Micawber?)

David Copperfield

Ed
Triple Stumper
    $400 22
Ben Franklin

Bill
    $1,500 3
Brandenburg

Bill
    $600 8
the Crimea

Tony
    $600 28
blouson

Bill
    $600 18
John Paul Jones

Ed
    $600 11
Simon Legree

Tony
    $600 23
The Washington Post

Ed
    $600 4
Handel

Tony
    $800 15
Basil

Ed
    $800 29
jodhpur

Ed
    $800 19
Oliver Perry

Bill
    $800 12
Candide

Tony
    $800 25
British Columbia

Ed
    $800 5
C.P.E. Bach (Carl Philipp Emanuel Bach)

Tony
    $1000 21
Boris Godunov

Bill
    $1000 30
a snood

Bill
    $1000 20
(Eddie) Slovik

Ed
    $2,500 13
(Tony: No idea.)

Regan & Goneril

Tony
    $1000 26
Honduras

Tony
    $1000 6
"The Well-Tempered Clavier"

Bill

Scores at the end of the Double Jeopardy! Round:

Tony Ed Bill
$7,800 $5,000 $11,000

[wagering suggestions for these scores]

Final Jeopardy! Round responses

SPACE
EdWhat is Enterprise &
$4,500
TonyWhat are Challen Enterprise Endeaver
$3,201
BillWhat are Enterprise + Endeavor
$4,601
Enterprise & Endeavour

Final scores:

Tony Ed Bill
$11,001 $500 $15,601
2nd place: Thomas Pradzinski serigraph + Bush executive desk 3rd place: Panasonic VCR New champion: $15,601

Game dynamics:

Coryat scores:

Tony Ed Bill
$9,100 $5,000 $9,900
24 R
(including 1 DD),
1 W
(including 1 DD)
11 R,
2 W
22 R
(including 1 DD),
1 W

Combined Coryat: $24,000

[game clues] [game scores] [suggest correction]

Game tape date: 1994-08-30
The J! Archive is created by fans, for fans. Scraping, republication, monetization, and malicious use prohibited; this site may use cookies and collect identifying information. See terms. The Jeopardy! game show and all elements thereof, including but not limited to copyright and trademark thereto, are the property of Jeopardy Productions, Inc. and are protected under law. This website is not affiliated with, sponsored by, or operated by Jeopardy Productions, Inc. Join the discussion at JBoard.tv.